Ivy League Logo Quiz - Statistics

General Stats
  • This quiz has been taken 26 times
  • The average score is 7 of 8
Answer Stats
Picture Answer % Correct
Harvard
100%
Yale
100%
Brown
96%
Princeton
96%
Dartmouth
91%
Pennsylvania
87%
Cornell
78%
Columbia
74%
No matching quizzes found
Score Distribution
Percent of People with Each Score
Percentile by Number Answered
Your Score History
You have not taken this quiz